000 00227nam a22000857a 4500
008 160924b xxu||||| |||| 00| 0 eng d
100 _9721
_aKaushik.N
245 _aMy Father is a Hero
260 _aNew Delhi
_bSrishti Publications
_c2016
999 _c3378
_d3378